logo

Bir Sreshtho Munshi Abdur Rouf Library
Jhenaidah Cadet College

Contemporary Affairs / (Record no. 4762)

MARC details
000 -LEADER
fixed length control field 00495nam a2200205 a 4500
001 - CONTROL NUMBER
JCCL Control Number 4762
003 - CONTROL NUMBER IDENTIFIER
JCCL marc code BD-JhCC
005 - DATE AND TIME OF LATEST TRANSACTION
control field 20171203131727.0
008 - FIXED-LENGTH DATA ELEMENTS--GENERAL INFORMATION
fixed length control field 171203b1969 p |||| || | 000 0 eng d
035 ## - SYSTEM CONTROL NUMBER
system control number (BD-JhCC)4762
040 ## - CATALOGING SOURCE
Original cataloging agency BD-JhCC
Modifying agency BD-JhCC
041 ## - LANGUAGE CODE
Language code of Book eng
082 ## - DEWEY DECIMAL CLASSIFICATION NUMBER
Classification number 915.490305
Author mark and Year CON 1969
245 ## - TITLE STATEMENT
Title Contemporary Affairs /
Statement of responsibility, etc Jamal-ud-Din Ahmed ( Editor)
260 ## - PUBLICATION, DISTRIBUTION, ETC. (IMPRINT)
Place of publication, distribution, etc pakistan :
Date of publication, distribution, etc 1969.
300 ## - PHYSICAL DESCRIPTION
Pagination 138 p. :
Dimensions 25 cm.
490 ## - SERIES STATEMENT
Volume number/sequential designation v-1
942 ## - ADDED ENTRY ELEMENTS (KOHA)
Source of classification or shelving scheme Dewey Decimal Classification
Koha item type Books
Holdings
Source of classification or shelving scheme Damaged status Not for loan Home library Current library Shelving location Date of accession Total Checkouts Full call number Barcode Date last seen Copy number Koha item type
Dewey Decimal Classification     JCC Rouf Library JCC Rouf Library General Stacks 12/03/2017   915.490305 CON 1969 5741 12/03/2017 C-1 Books

JCC Library | Contacts | JCC Home

Last Update on 23 September 2017
Copyright @ 2017-2020 JCC Rouf Library
Rouf Library, Jhenidah Cadet College (JCC), Bangladesh